Les régions administratives de la Chine sur une carte - Statistiques

Statistiques générales
  • Ce quiz a été pris 780 fois
  • Le résultat moyen est 14 sur 34
Réponses sur la Carte
Les réponses sont colorées sur une échelle allant du rouge au vert en fonction du pourcentage des utilisateurs qui les ont devinées à leur premier essai. Vous pouvez retrouver ces pourcentages ci-dessous.
 
Statistiques - réponses
% Correct
Municipalité Pékin
84%
Province Taïwan
83%
Région autonome Tibet
82%
Municipalité Shanghai
73%
Région administrative spéciale Hong Kong
72%
Région autonome Mongolie intérieure
67%
Région administrative spéciale Macao
59%
Région autonome Xinjiang
57%
Province Sichuan
55%
Province Hainan
46%
Province Yunnan
44%
Province Guangdong
43%
Municipalité Chongqing
42%
Province Hubei
42%
Province Hebei
40%
Province Hunan
39%
Province Shaanxi
37%
Province Henan
36%
Province Shanxi
35%
Municipalité Tianjin
35%
Province Shandong
33%
Région autonome Guangxi
32%
Province Fujian
29%
Province Jilin
29%
Province Heilongjiang
28%
Province Zhejiang
27%
Province Gansu
25%
Province Qinghai
25%
Province Anhui
24%
Province Liaoning
24%
Région autonome Ningxia
24%
Province Jiangsu
21%
Province Jiangxi
21%
Province Guizhou
20%
Aucun quiz correspondant
Distribution des résultats
% des personnes avec chaque résultat
Percentile par nombre de réponses
Votre historique - résultats
Vous n’avez pas pris ce quiz